| 000 -ლიდერი |
| ფიქსირებული სიგრძის საკონტროლო ველი |
01536nam a2200241Ia 4500 |
| 001 - საკონტროლო ნომერი |
| საკონტროლო ველი |
17008 |
| 003 - საკონტროლო ნომრის იდენტიფიკატორი |
| საკონტროლო ველი |
GE_BSU |
| 005 - ბოლო ოპერაციის თარიღი და დრო |
| საკონტროლო ველი |
20200203143041.0 |
| 008 - ფიქსირებული სიგრძის მონაცემთა ელემენტები - ზოგადი ინფორმაცია |
| ფიქსირებული სიგრძის საკონტროლო ველი |
181216s2015ge xx |||||||||||||| ||geo|| |
| 020 ## - წიგნის საერთაშორისო სტანდარტული ნომერი |
| International Standard Book Number |
9789941225772 |
| 040 ## - კატალოგიზაციის წყარო |
| Transcribing agency |
GE_BSU |
| 041 ## - ენის კოდი |
| Language code of text/sound track or separate title |
geo |
| 080 ## - უნივერსალური ათობითი კლასიფიკაციის ინდექსი |
| Universal Decimal Classification number |
070 ს-26 |
| 100 ## - მთავარი ჩანაწერი - პიროვნების სახელი |
| Personal name |
სანიკიძე,იოსებ |
| 9 (RLIN) |
6700 |
| 245 ## - ცნობა სათაურის შესახებ |
| Title |
ჟურნალისტიკის თეორიის ფორმობრივი და შინაარსობრივი საფუძვლები : / |
| Statement of responsibility, etc |
იოსებ სანიკიძე ; რედ. თემურ ჯაგოდნიშვილი. |
| 264 ## - წარმოების, გამოცემის, დისტრიბუციის და სხვა ცნობები |
| გამოცემის, წარმოების, დისტრიბუციის... ადგილი |
თბილისი : |
| გამოცემის, წარმოების, დისტრიბუციის... სახელწოდება |
უნივერსალი, |
| გამოცემის, წარმოების, დისტრიბუციის... თარიღი |
2015. |
| 300 ## - ფიზიკური აღწერა |
| Extent |
442 გვ ; |
| Dimensions |
21 სმ. |
| 653 ## - INDEX TERM--UNCONTROLLED |
| Uncontrolled term |
თანამედროვე ჟურნალისტიკის თეორიული საკითხები,კომუნიკაციის ერთ-ერთი უმთავრესი ელემენტის-მედიატექსტის ფორმობრივ-ჟანრობრივი ნიშან-თვისებები. |
| 653 ## - INDEX TERM--UNCONTROLLED |
| Uncontrolled term |
ჟურნალისტიკა |
| 653 ## - INDEX TERM--UNCONTROLLED |
| Uncontrolled term |
ჟურნალისტიკის თეორიის ფორმობრივი და შინაარსობრივი საფუძვლები |
| 700 ## - ADDED ENTRY--PERSONAL NAME |
| Personal name |
ჯაგოდნიშვილი, თემურ |
| Relator term |
რედაქტორი |
| 9 (RLIN) |
6701 |
| 942 ## - ADDED ENTRY ELEMENTS (KOHA) |
| Koha item type |
წიგნი |
| Source of classification or shelving scheme |
|